00509nam a2200193 a 4500001001300000003000900013005001700022008004100039020001300080082001700093100001900110245004900129260003700178300000900215500003500224505001000259650002700269700001900296nice12345678IN_TiNIC20260116012052.0050524s1962 lona grp 000 0 eng  ac607.0200a232.904bPOW aPowell, Gordon aNew Solutions to Difficult Sayings of Jesus. aLondonbHodder & Stoughtonc1962 a120p aincludes index and biblioraphy2 aIndex aJesus Christ-Teachings1 aPowell, Gordon